[Event "Luxembourg-ch"]
[Site "Luxembourg"]
[Date "1999.04.09"]
[Round "7"]
[White "Hengel, Guy"]
[Black "Spartz, Gaston"]
[Result "0-1"]
[WhiteElo "1770"]
[BlackElo "1930"]
[PlyCount "96"]
[EventDate "1999.04.03"]
[EventType "swiss"]
[EventRounds "9"]
[EventCountry "LUX"]
[SourceTitle "EXT 2005"]
[Source "ChessBase"]
[SourceDate "2004.11.15"]
[SourceVersion "1"]
[SourceVersionDate "2004.11.15"]
[SourceQuality "1"]

1. e4 d6 2. Bc4 e5 3. Nc3 c5 4. Nge2 Be6 5. Nd5 Nf6 6. Nec3 a6 7. Nxf6+ Qxf6 8. Nd5 Qd8 9. Ne3 Nd7 10. 0-0 g6 11. Bxe6 fxe6 12. Qg4 Qe7 13. d3 0-0-0 14. Bd2 Nf6 15. Qe2 Bg7 16. Ba5 Rdf8 17. b4 Nh5 18. Rab1 Nf4 19. Qd1 Qg5 20. g3 Nh3+ 21. Kg2 Nf4+ 22. Kh1 Nh3 23. Qe2 Bh6 24. bxc5 Nxf2+ 25. Rxf2 Qxe3 26. Rxf8+ Rxf8 27. Qxe3 Bxe3 28. cxd6 Rf7 29. Bc3 Bd4 30. Bxd4 exd4 31. Rb4 e5 32. Rc4+ Kd7 33. Rc7+ Ke6 34. Rxf7 Kxf7 35. Kg2 Ke6 36. d7 Kxd7 37. Kf2 Kc6 38. Ke2 Kb5 39. Kd1 Kb4 40. Kc1 Kc3 41. g4 g5 42. h3 a5 43. Kb1 b5 44. Kc1 a4 45. a3 b4 46. axb4 Kxb4 47. Kb2 a3+ 48. Ka2 Kc3 0-1

[Event "Luxembourg op"]
[Site "Luxembourg"]
[Date "1996.??.??"]
[Round "1"]
[White "Hengel, Guy"]
[Black "Bakalarz, Mietek"]
[Result "0-1"]
[WhiteElo "1760"]
[BlackElo "2315"]
[PlyCount "76"]
[EventDate "1996.??.??"]
[EventType "swiss"]
[EventRounds "9"]
[EventCountry "LUX"]
[SourceTitle "EXT 2005"]
[Source "ChessBase"]
[SourceDate "2004.11.15"]
[SourceVersion "1"]
[SourceVersionDate "2004.11.15"]
[SourceQuality "1"]

1. d4 Nf6 2. c4 g6 3. Nc3 d5 4. b3 Bg7 5. Bb2 0-0 6. e3 dxc4 7. Bxc4 a6 8. a4 c5 9. d5 Qa5 10. Qd2 Rd8 11. f3 e6 12. 0-0-0 Nc6 13. e4 Nd4 14. e5 Nxd5 15. Nxd5 Qxd2+ 16. Rxd2 exd5 17. Bxd4 cxd4 18. Rxd4 Be6 19. Be2 Bxe5 20. Rb4 Rac8+ 21. Kd1 Rd7 22. Bd3 Bd6 23. Rh4 Rc3 24. Kd2 Rxb3 25. Ne2 Be7 26. Bc2 Rb2 27. Rd4 Rc7 28. Rc1 Bf6 29. Rd3 Bf5 30. Rxd5 Rcxc2+ 31. Rxc2 Rxc2+ 32. Kd1 Ra2 33. a5 Bg5 34. f4 Bf6 35. g3 Bg4 36. Rd2 Rxd2+ 37. Kxd2 Bxe2 38. Kxe2 Bd8 0-1

[Event "Luxembourg op"]
[Site "Luxembourg"]
[Date "1996.??.??"]
[Round "9"]
[White "Weber, G."]
[Black "Hengel, Guy"]
[Result "0-1"]
[WhiteElo "1710"]
[BlackElo "1760"]
[PlyCount "120"]
[EventDate "1996.??.??"]
[EventType "swiss"]
[EventRounds "9"]
[EventCountry "LUX"]
[SourceTitle "EXT 2005"]
[Source "ChessBase"]
[SourceDate "2004.11.15"]
[SourceVersion "1"]
[SourceVersionDate "2004.11.15"]
[SourceQuality "1"]

1. d4 e6 2. c4 Nf6 3. Nc3 b6 4. Bg5 Be7 5. e3 Bb7 6. Nf3 0-0 7. Be2 Ne4 8. Bxe7 Qxe7 9. Qc2 f5 10. 0-0 d6 11. Rad1 Nxc3 12. Qxc3 Nd7 13. a3 Nf6 14. Nd2 Rac8 15. f3 c5 16. Nb3 cxd4 17. Nxd4 f4 18. Qd2 d5 19. cxd5 fxe3 20. Qxe3 Nxd5 21. Qb3 Qc5 22. Kh1 Rfe8 23. Rfe1 Nf4 24. Bf1 Bd5 25. Qe3 e5 26. Nf5 Qxe3 27. Rxe3 Bb7 28. Nd6 Rcd8 29. Ree1 Re7 30. Nxb7 Rxd1 31. Rxd1 Rxb7 32. g3 Ng6 33. Rd8+ Kf7 34. Rd2 Rc7 35. Kg2 h6 36. Kf2 Nf8 37. Ke3 Ne6 38. Be2 Nc5 39. Bd1 Re7 40. Bc2 Kf6 41. Rd6+ Re6 42. Rd2 Rc6 43. Bd1 Ne6 44. Rd7 a5 45. Ba4 b5 46. Bxb5 Rc2 47. Rd2 Rc5 48. Ba4 Nd4 49. f4 Nf5+ 50. Kf3 e4+ 51. Ke2 Rc4 52. Bd7 Nd4+ 53. Kd1 Nb3 54. Rc2 Rd4+ 55. Ke2 Rxd7 56. Ke3 Nd4 57. Rc4 Nf5+ 58. Kxe4 Nd6+ 59. Kd4 Nxc4+ 60. Kxc4 a4 0-1